Catálogo
 En Linea

La fiesta del rey Acab / (Registro nro. 7871)

Detalles MARC
000 -CABECERA
campo de control de longitud fija 02593nam a2200325 i 4500
001 - NÚMERO DE CONTROL
campo de control 000008094
003 - IDENTIFICADOR DEL NÚMERO DE CONTROL
campo de control DO-SdBNP
005 - FECHA Y HORA DE LA ÚLTIMA TRANSACCIÓN
campo de control 20250630104809.0
007 - CAMPO FIJO DE DESCRIPCIÓN FÍSICA--INFORMACIÓN GENERAL
campo de control de longitud fija ta
008 - DATOS DE LONGITUD FIJA--INFORMACIÓN GENERAL
campo de control de longitud fija 780210t1969 ve r 000 f spa d
040 ## - FUENTE DE LA CATALOGACIÓN
Centro catalogador/agencia de origen DO-SdBNP
Lengua de catalogación spa
Centro/agencia transcriptor BNPHU
Normas de descripción rda
041 ## - CÓDIGO DE LENGUA
Código de lengua del texto/banda sonora o título independiente spa
082 #4 - NÚMERO DE LA CLASIFICACIÓN DECIMAL DEWEY
Número de clasificación Ch863.44
Número de documento/Ítem L168fi
Número de edición 22
100 1# - ENTRADA PRINCIPAL--NOMBRE DE PERSONA
Nombre de persona Lafourcade, Enrique,
Fechas asociadas al nombre 1927- 2019
Término indicativo de función/relación autor
Código de función/relación aut.
9 (RLIN) 21998
245 13 - MENCIÓN DE TÍTULO
Título La fiesta del rey Acab /
Mención de responsabilidad, etc. Enrique Lafourcade.
264 #4 - PRODUCCIÓN, PUBLICACIÓN, DISTRIBUCIÓN, FABRICACIÓN Y COPYRIGHT
Producción, publicación, distribución, fabricación y copyright Caracas, Venezuela :
Nombre del de productor, editor, distribuidor, fabricante Monte Ávila Editores,
Fecha de producción, publicación, distribución, fabricación o copyright ©1969.
300 ## - DESCRIPCIÓN FÍSICA
Extensión 317 páginas ;
Dimensiones 18 cm.
336 ## - TIPO DE CONTENIDO
Término de tipo de contenido texto
Código de tipo de contenido txt
Fuente rdacontent
337 ## - TIPO DE MEDIO
Nombre/término del tipo de medio sin mediación
Código del tipo de medio n
Fuente rdamedia
338 ## - TIPO DE SOPORTE
Nombre/término del tipo de soporte volumen
Código del tipo de soporte nc
Fuente rdacarrier
490 0# - MENCIÓN DE SERIE
Mención de serie Continente
500 ## - NOTA GENERAL
Nota general Esta es la primera novela que recoge la desaparición de Galíndez. En ella se recrea con gran verosimilitud un día en la vida del dictador Carrillo, que no es otro que Rafael Leónidas Trujillo. El día de su cumpleaños, donde se conjugan la megalomanía, el crimen, la adulación, el desenfreno, aderezados con el whisky, las comilonas y los desfiles.
500 ## - NOTA GENERAL
Nota general En La fiesta del rey Acab de Enrique Lafourcade, Jesús de Galíndez es mencionado como una figura clave dentro de los relatos de la represión política de la dictadura de Rafael Trujillo. El caso de Galíndez, que fue secuestrado y desaparecido en 1956, se presenta en el libro como una muestra de las atrocidades cometidas por los regímenes totalitarios, como el de Trujillo en la República Dominicana.<br/><br/>Lafourcade utiliza la figura de Galíndez no solo para señalar la brutalidad del régimen, sino también para reflexionar sobre la corrupción del poder, la impunidad de los dictadores y las víctimas que caen en el olvido. En la obra, Galíndez se convierte en un símbolo de los ideales de libertad y justicia que son asesinados por la opresión.<br/><br/>La referencia a Galíndez está cargada de simbolismo y se inserta en el marco de la crítica general que hace Lafourcade a las estructuras autoritarias, tanto en el contexto dominicano como en otros países de América Latina.<br/><br/>El libro, por lo tanto, menciona a Galíndez en un tono reflexivo, denunciando las injusticias que sufrió y la falta de justicia que persiste, además de contrastar su lucha por la verdad con la crueldad de los regímenes dictatoriales.
590 ## - NOTA LOCAL (RLIN)
Nota local Inventariado, 2025/ YL
650 #4 - PUNTO DE ACCESO ADICIONAL DE MATERIA--TÉRMINO DE MATERIA
Término de materia o nombre geográfico como elemento de entrada Novela chilena
9 (RLIN) 3163
650 #4 - PUNTO DE ACCESO ADICIONAL DE MATERIA--TÉRMINO DE MATERIA
Término de materia o nombre geográfico como elemento de entrada Literatura chilena
9 (RLIN) 3164
651 #0 - PUNTO DE ACCESO ADICIONAL DE MATERIA--NOMBRE GEOGRÁFICO
Nombre geográfico REPÚBLICA DOMINICANA
Subdivisión general HISTORIA
Subdivisión cronológica ERA DE TRUJILLO, 1930-1961
Subdivisión general NOVELA
9 (RLIN) 21999
910 ## - DATOS DE OPCIÓN DEL USUARIO (OCLC)
Datos de opción del usuario YLockward/ Validado. Control de calidad. EMS
942 ## - ELEMENTOS DE PUNTO DE ACCESO ADICIONAL (KOHA)
Fuente del sistema de clasificación o colocación Dewey Decimal Classification
Tipo de ítem Koha Libro
Existencias
Estado de retiro Estado de pérdida Fuente del sistema de clasificación o colocación Restricciones de uso No para préstamo Código de colección Localización permanente Ubicación/localización actual Ubicación en estantería Fecha de adquisición Fuente de adquisición Total de préstamos Signatura topográfica completa Código de barras Fecha visto por última vez Tipo de ítem Koha Número de copia Precio válido a partir de
    Dewey Decimal Classification Excluido de préstamo   Patrimonio Dominicano Biblioteca Nacional Pedro Henríquez Ureña Biblioteca Nacional Pedro Henríquez Ureña Depósito 17.01.1978 Donado por Monte Avila Editorial   BNPHU PD Ch863.44 L168fi 8094-10 25.06.2020 Libro    
    Dewey Decimal Classification Préstamo restringido   Patrimonio Dominicano Biblioteca Nacional Pedro Henríquez Ureña Biblioteca Nacional Pedro Henríquez Ureña Depósito 14.09.2009     BNPHU PD Ch863.44 L168fi 8094-20 25.06.2020 Libro e. 2  
    Dewey Decimal Classification Préstamo en sala   Dominicana de Servicio Biblioteca Nacional Pedro Henríquez Ureña Biblioteca Nacional Pedro Henríquez Ureña Depósito 14.09.2009     BNPHU DS Ch863.44 L168fi 2025-0570 29.01.2025 Libro e. 3 29.01.2025

Con tecnología Koha